Study on non-timber forest products her barium in chamkar preysne community forestry kampong chhnang province, ការសិក្សាពីការសំងួត និងថែរក្សាសំណាករុក្ខជាតិពីអនុផលព្រៃឈើនៅសហគមន៍ព្រៃឈើចំការព្រៃស្នេហ៍ ខេត្តកំពង់ឆ្នាំង (Record no. 3360)

000 -LEADER
fixed length control field 00784nam a22001577a 4500
003 - CONTROL NUMBER IDENTIFIER
control field OSt
005 - DATE AND TIME OF LATEST TRANSACTION
control field 20230313170137.0
008 - FIXED-LENGTH DATA ELEMENTS--GENERAL INFORMATION
fixed length control field 151112b xxu||||| |||| 00| 0 eng d
040 ## - CATALOGING SOURCE
Transcribing agency RUA
082 ## - DEWEY DECIMAL CLASSIFICATION NUMBER
Classification number FOR
Edition number CHA 2008 B135 Or.1
100 ## - MAIN ENTRY--PERSONAL NAME
9 (RLIN) 3609
Personal name CHANTHY, SOMETA.
245 ## - TITLE STATEMENT
Title Study on non-timber forest products her barium in chamkar preysne community forestry kampong chhnang province, ការសិក្សាពីការសំងួត និងថែរក្សាសំណាករុក្ខជាតិពីអនុផលព្រៃឈើនៅសហគមន៍ព្រៃឈើចំការព្រៃស្នេហ៍ ខេត្តកំពង់ឆ្នាំង
260 ## - PUBLICATION, DISTRIBUTION, ETC. (IMPRINT)
Place of publication, distribution, etc. Phnom Penh
Name of publisher, distributor, etc. RUA
Date of publication, distribution, etc. 2008
300 ## - PHYSICAL DESCRIPTION
Extent x; 56p.
Other physical details ill.
Dimensions 29cm.
942 ## - ADDED ENTRY ELEMENTS (KOHA)
Source of classification or shelving scheme
Koha item type FOR
Holdings
Price effective from Date last seen Permanent Location Not for loan Date acquired Source of classification or shelving scheme Koha item type Lost status Withdrawn status Date last checked out Total Checkouts Shelving location Damaged status Barcode Current Location Full call number
2015-11-122015-11-12Library Block B 2015-11-12 FOR    B135 RUA028491Library Block BFOR CHA 2008 B135 Or.1
2015-11-122015-11-12Library Block B 2015-11-12 FOR    B136 RUA028117Library Block BFOR CHA 2008 B136 Or.2
2015-11-122015-11-12Library Block B 2015-11-12 FOR    B135 RUA028851Library Block BFOR CHA 2008 B135 Or.3
2015-11-122015-11-12Library Block B 2015-11-12 FOR    B135 RUA028206Library Block BFOR CHA 2008 B135 Or.4
2015-11-122022-11-02Library Block B 2015-11-12 FOR  2022-10-121B136 RUA028134Library Block BFOR CHA 2008 B136 Or.5
2015-11-122015-11-12Library Block B 2015-11-12 FOR    B135 RUA028136Library Block BFOR CHA 2008 B135 Or.6
2015-11-132019-03-06Library Block B 2015-11-13 FOR  2019-02-081B135 RUA027045Library Block BFOR CHA 2008 B135 Or.7
2015-11-132015-11-13Library Block B 2015-11-13 FOR    B135 RUA027115Library Block BFOR CHA 2008 B135 Or.8
2015-11-132015-11-13Library Block B 2015-11-13 FOR    B135 RUA027063Library Block BFOR CHA 2008 B135 Or.9
2015-11-132015-11-13Library Block B 2015-11-13 FOR    B135 RUA027118Library Block BFOR CHA 2008 B135 Or.10
មជ្ឈមណ្ឌលឯការនៃសាកលវិទ្យាល័យភូមិន្ទកសិកម្មចំការដូង

Powered by Koha